Predseda poľskej športovej federácie S. Nowosielski: Náš najväčší úspech

Podrobná bibliografia
Médium: Článok
Jazyk:slovenčina
Predmet:

MARC

LEADER 00000nab a2200000 ar4500
001 vtls009162113
003 SK-MaSNL
005 20260303233416.0
008 070623c19740710xo wr|||||||||000 b|slo
015 |a SNBRB1974  |2 snkbucl 
038 |a SNKBUCL 
040 |a SNKBUCL  |b slo  |c SNKBUCL  |e AACR2 
041 0 |a slo 
044 |a xo  |c SK 
080 |a 796.332  |x (438)  |2 2001 
245 0 0 |a Predseda poľskej športovej federácie S. Nowosielski: Náš najväčší úspech  |c [autor] (sč) 
650 0 7 |a futbal  |2 snkbucl  |9 3291 
651 7 |a Poľsko  |2 snkbucl  |9 16755 
773 0 |t Šport  |g (10.7.1974), s. 1 a 6 
852 |a SNK  |b KIS3GCP 
999 |c 2515023  |d 2516953